Can you name what team this random NBA player is on? 2017-18 season - Statistics

General Stats
  • This quiz has been taken 91 times
  • The average score is 22 of 30
Answer Stats
Name Answer % Correct
Tristan Thompson Cleveland Cavaliers
100%
Andre Roberson Oklahoma City Thunder
89%
Justice Winslow Miami Heat
88%
Otto Porter Washington Wizards
85%
Kent Bazemore Atlanta Hawks
84%
Joe Ingles Utah Jazz
83%
Kris Dunn Chicago Bulls
82%
Julius Randle Los Angeles Lakers
82%
Rudy Gay San Antonio Spurs
82%
Thaddeus Young Indiana Pacers
80%
Tony Snell Milwaukee Bucks
80%
Terrance Ross Orlando Magic
78%
Allen Crabbe Brooklyn Nets
77%
Frank Kaminsky Charlotte Hornets
77%
Stanley Johnson Detroit Pistons
77%
Trevor Ariza Houston Rockets
77%
Taj Gibson Minnesota Timberwolves
74%
Aron Baynes Boston Celtics
73%
Jakob Poeltl Toronto Raptors
73%
Brandon Knight Phoenix Suns
70%
George Hill Sacramento Kings
70%
Omri Casspi Golden State Warriors
67%
Michael Beasley New York Knicks
65%
Juan Hernangomez Denver Nuggets
61%
Sam Dekker Los Angeles Clippers
61%
Ed Davis Portland Trail Blazers
61%
Solomon Hill New Orleans Pelicans
60%
Amir Johnson Philadelphia 76ers
59%
Devin Harris Dallas Mavericks
52%
James Ennis Memphis Grizzlies
48%
No matching quizzes found
Score Distribution
Percent of People with Each Score
Percentile by Number Answered
Your Score History
You have not taken this quiz